What Number Are These Essendon Players? - Statistics

General Stats
  • This quiz has been taken 29 times
  • The average score is 73 of 81
Answer Stats
Question Tile Select % Correct
Ben Hobbs 11 No
100%
Nate Caddy 11 No
100%
Todd Goldstein 11 No
100%
Ben Hobbs 17 No
100%
Nate Caddy 17 No
100%
Ben Hobbs 18 No
100%
Ben Hobbs 27 No
100%
Ben Hobbs 30 No
100%
Ben Hobbs 31 No
100%
Nate Caddy 31 No
100%
Todd Goldstein 31 No
100%
Nate Caddy 36 No
100%
Todd Goldstein 36 No
100%
Ben Hobbs 39 No
100%
Nate Caddy 8 No
100%
Todd Goldstein 8 No
100%
Mason Redman 11 No
95%
Zach Reid 11 No
95%
Mason Redman 17 No
95%
Jayden Davey 17 No
95%
Mason Redman 18 No
95%
Todd Goldstein 18 No
95%
Mason Redman 27 Yes
95%
Jayden Davey 27 No
95%
Nate Caddy 27 No
95%
Zach Reid 27 No
95%
Jayden Davey 30 No
95%
Todd Goldstein 30 No
95%
Mason Redman 31 No
95%
Mason Redman 36 No
95%
Ben Hobbs 36 No
95%
Mason Redman 39 No
95%
Mason Redman 8 No
95%
Ben Hobbs 8 Yes
95%
Jayden Davey 8 No
95%
Zach Reid 8 No
95%
Vigo Visentini 11 No
90%
Jayden Davey 11 No
90%
Jade Gresham 11 Yes
90%
Jade Gresham 17 No
90%
Vigo Visentini 18 No
90%
Jade Gresham 18 No
90%
Nate Caddy 18 No
90%
Zach Reid 18 No
90%
Vigo Visentini 27 No
90%
Jade Gresham 27 No
90%
Mason Redman 30 No
90%
Vigo Visentini 30 No
90%
Jade Gresham 30 No
90%
Vigo Visentini 31 No
90%
Jade Gresham 31 No
90%
Jade Gresham 36 No
90%
Zach Reid 36 No
90%
Jade Gresham 39 No
90%
Nate Caddy 39 No
90%
Todd Goldstein 39 No
90%
Zach Reid 39 No
90%
Vigo Visentini 8 No
90%
Jade Gresham 8 No
90%
Zach Reid 17 No
85%
Jayden Davey 18 No
85%
Lewis Hayes 27 No
85%
Todd Goldstein 27 No
85%
Lewis Hayes 30 No
85%
Zach Reid 30 No
85%
Lewis Hayes 39 No
85%
Jayden Davey 39 No
85%
Lewis Hayes 8 No
85%
Lewis Hayes 11 No
80%
Lewis Hayes 31 No
80%
Jayden Davey 31 No
80%
Vigo Visentini 36 No
80%
Lewis Hayes 17 No
75%
Vigo Visentini 17 No
75%
Nate Caddy 30 Yes
75%
Todd Goldstein 17 Yes
70%
Lewis Hayes 36 No
65%
Vigo Visentini 39 Yes
65%
Zach Reid 31 Yes
60%
Jayden Davey 36 Yes
60%
Lewis Hayes 18 Yes
50%
No matching quizzes found
Score Distribution
Percent of People with Each Score
Percentile by Number Answered
Your Score History
You have not taken this quiz